| 000 | 00382nam a2200157Ia 4500 | ||
|---|---|---|---|
| 008 | 221030s9999 xx 000 0 und d | ||
| 020 | _a812031798X | ||
| 041 | _aEnglish | ||
| 082 |
_a105.23 _bHon |
||
| 100 | _aJ. Honeycutt | ||
| 245 | 0 | _aIntroducing Microsoft Windows 2000 Professional | |
| 260 |
_bPHI _aNew Delhi _c2001 |
||
| 300 | _a424 | ||
| 650 | _aBE Computer | ||
| 942 | _cBK | ||
| 999 |
_c7784 _d7784 |
||